00615nam a2200169 i 450000100060000000300090000600500170001500700030003200800410003510000290007624500900010526000380019530000410023385200320027499900170030695201220032390718ES-MaACL20230906180537.0t|050124s1972 sp ||||1| spa d1 aLeñano, Fausto.97156210aCómo se cultivan las hortalizas de raíz, tubérculo y bulbo / cFausto Leñano. aBarcelona : bDe Vecchi, c[1972] a157 p., 12 lám. : bil. ; c21 cm. aES-MaACLjC-48861 bR.82943 c90718d90718 00104070aATENEOMbATENEOMcDEPO2d2008-01-17eSCl0oC-48861p1094723r2023-02-23 00:00:00w2023-02-23yMONOGRAFIA